Catálogo
 En Linea

El tesoro del declamador : (Registro nro. 8325)

Detalles MARC
000 -CABECERA
campo de control de longitud fija 01116nam a2200241 a 4500
001 - NÚMERO DE CONTROL
campo de control 000008555
005 - FECHA Y HORA DE LA ÚLTIMA TRANSACCIÓN
campo de control 20200929161349.0
008 - DATOS DE LONGITUD FIJA--INFORMACIÓN GENERAL
campo de control de longitud fija 090917s1952 mx 001 0 spa d
040 ## - FUENTE DE LA CATALOGACIÓN
Centro catalogador/agencia de origen DO-SdBNP
Lengua de catalogación spa
Centro/agencia transcriptor BNPHU
082 ## - NÚMERO DE LA CLASIFICACIÓN DECIMAL DEWEY
Número de clasificación 808.54
Número de documento/Ítem M296t
049 ## - FONDOS LOCALES (OCLC)
Fondos de biblioteca BNPD
100 1# - ENTRADA PRINCIPAL--NOMBRE DE PERSONA
Nombre de persona Mañón, Darío A.
9 (RLIN) 22930
245 13 - MENCIÓN DE TÍTULO
Título El tesoro del declamador :
Resto del título (método sin maestro), los mejores poetas de los siglos XIX y XX /
Mención de responsabilidad, etc. Darío A. Mañón ; editor Carlos Cesarman.
260 ## - PUBLICACIÓN, DISTRIBUCIÓN, ETC.
Lugar de publicación, distribución, etc. México :
Nombre del editor, distribuidor, etc. Carlos Cesarman,
Fecha de publicación, distribución, etc. 1952.
300 ## - DESCRIPCIÓN FÍSICA
Extensión 189 p. ;
Dimensiones 21 cm.
505 0# - NOTA DE CONTENIDO CON FORMATO
Título Lo bello --
-- La emoción estética --
-- Lo bello por medio del arte --
-- La declamación --
-- Dotes, instrucción y demás cualidades del recitador --
-- Elementos necesarios del recitador --
-- Origen de la declamación --
-- Poesías selectísimas escogidas y depuradas por poetas y literatos capacitados.
650 #4 - PUNTO DE ACCESO ADICIONAL DE MATERIA--TÉRMINO DE MATERIA
Término de materia o nombre geográfico como elemento de entrada Elocución
9 (RLIN) 22191
650 #4 - PUNTO DE ACCESO ADICIONAL DE MATERIA--TÉRMINO DE MATERIA
Término de materia o nombre geográfico como elemento de entrada Poesía española
Subdivisión general Siglo xix
9 (RLIN) 22931
650 #4 - PUNTO DE ACCESO ADICIONAL DE MATERIA--TÉRMINO DE MATERIA
Término de materia o nombre geográfico como elemento de entrada Poesía española
Subdivisión general Siglo xx
9 (RLIN) 22932
650 #4 - PUNTO DE ACCESO ADICIONAL DE MATERIA--TÉRMINO DE MATERIA
Término de materia o nombre geográfico como elemento de entrada Literatura española
9 (RLIN) 632
700 1# - PUNTO DE ACCESO ADICIONAL--NOMBRE DE PERSONA
Nombre de persona Cesarman, Carlos,
Término indicativo de función/relación ed.
9 (RLIN) 22933
910 ## - DATOS DE OPCIÓN DEL USUARIO (OCLC)
Datos de opción del usuario Validado. Control de calidad EMS
Existencias
Estado de retiro Estado de pérdida Restricciones de uso No para préstamo Código de colección Localización permanente Ubicación/localización actual Ubicación en estantería Fecha de adquisición Número de inventario Total de préstamos Signatura topográfica completa Código de barras Fecha visto por última vez Precio válido a partir de Tipo de ítem Koha Nota pública
      Préstamo restrigido Monografías: Libros y Folletos General General En encuadernación 17.09.2009 LF1   808.54 M296t 8555-10 25.06.2020 25.06.2020 No se presta Dedicado por el autor

Con tecnología Koha